Statistiques concernant L'intrus - Série 03

Cliquez ici pour prendre le quiz!

Statistiques générales

  • Ce quiz a été pris 71 fois
  • Le résultat moyen est 13 sur 15

Statistiques - réponses

PropositionsIntrus% Correct
rubicond/ émeraude/ pastel /rougeémeraude
98%
voiture/automobile/car /bagnolecar
94%
orage/ grêle / éclaircie/ grésiléclaircie
94%
gérant / entreprenant / dirigeantentreprenant
94%
grive / merle / poule / rouge-gorgepoule
94%
mouillé / humide / sec / détrempésec
94%
silence / bruit / vacarme / cacophoniesilence
92%
cheval / animal / chacalchacal
90%
apogée / témérité / identité / supérioritéapogée
87%
mais / et / depuis / cardepuis
87%
arrogant / discret / prétentieux / narcissiquediscret
87%
sucré / amer / insipide / acideinsipide
87%
tomate / poireau / endive / carottetomate
87%
grave / aigu / fluté /stridentgrave
85%
géométrie / symétrie / arithmétique/ géographiesymétrie
77%

Distribution des résultats

Percentile par nombre de réponses

% des personnes avec chaque résultat

Votre développement - résultats

Vous n’avez pas pris ce quiz